000 01450nam a2200301 a 4500
001 BRCA_4956
005 20190320204857.0
008 221010s1721----sp-######v---#000-0#sps-#
041 _aspa
044 _amx
084 _aDOC48
_b.D63
_c1721
245 1 0 _aDocumento firmado por el Rey [Luis I]
_c[Luis I].
260 _aMadrid
_c1721
300 _a[3] fojas
_c30 x 21 cm.
500 _aDocumento firmado el 23 de agosto de 1721.
500 _aDocumento que consta de una orden del Rey [Luis I] dirigida al Virrey de la Nueva España, Audiencias, Gobernadores, Oficiales Reales y Cabildos Seculares de ese Reino, para que observen las órdenes que les están dadas, a fin de que no permitan en sus puertos la entrada de Navíos ni géneros de Francia, en virtud de estar contaminados con la peste.
500 _a[Real Cédula] Firmada como ´Yo el Rey´.
500 _aContiene la leyenda DOC. #58.
500 _aPapel con marca de agua.
500 _aEstado de conservación: contiene roturas en el margen izquierdo.
506 0 _aFondo Reservado. Para su consulta es necesario credencial de usuario y carta de motivos.
546 _aTexto en: español de principios de siglo XVIII.
600 1 4 _aLuis
_bI,
_cRey de España,
_d1707-1724
_xHistoria
_912610
650 1 4 _aDocumentos legales
_vHistoria
_yCasa de Borbón, 1700
_zEspaña
_912611
651 4 _aMéxico
_xHistoria
_yColonia, 1521-1821
_912461
902 _aFDH
942 _2lcc
_cD
999 _c4650
_d4650